000 00653nam a2200229Ia 4500
003 OSt
005 20221002051413.0
006 a|||||r|||| 00| 0
007 ta
008 220930b |||||||| |||| 00| 0 eng d
024 _a27365
037 _cReference Collections
040 _aCRL
_cCRL
_beng
041 _2eng
_aeng
082 _aA:(P111:4k), M9( RR)
245 0 _aElementary scientific and technical dictionary ed by W. E. Flood and M. West
260 _aNew Delhi
_bUniversal
_c1989
300 _a413p
_ccm.
650 _aSCIENCE
942 _hA:(P111:4k), M9( RR)
_cref
_2CC
999 _c916778
_d916778